Normal view
MARC view
- Supervisor Dr. Farhan Hussain
Entry Corporate Name
001 - CONTROL NUMBER
- control field: 88535
003 - CONTROL NUMBER IDENTIFIER
- control field: NUST
005 - DATE AND TIME OF LATEST TRANSACTION
- control field: 20220120150653.0
008 - FIXED-LENGTH DATA ELEMENTS
- fixed length control field: 220120|| aca||aabn | a|a d
040 ## - CATALOGING SOURCE
- Original cataloging agency: NUST
- Transcribing agency: NUST
110 ## - HEADING--CORPORATE NAME
- Corporate name or jurisdiction name as entry element: Supervisor Dr. Farhan Hussain
670 ## - SOURCE DATA FOUND
- Source citation: Work cat.: (NUST): Muntaha Irfan 88534, TH-SOF-1954-Efficient Classification of Motion in Video Data by Using Deep Neural Networks, 2021.
